000 00915cam a2200217 4500
001 WB3812-17
008 020328n2002 000 0 eng u
035 _a(Sirsi) u117273
245 _aCheaper to move house
260 _c2002
490 _aWoolwich Building Society
_v 28 March 2002, (3)
520 _aSurvey for Woolwich Building Society shows cost of moving home is falling despite the current property boom. The average cost of moving from a £100 000 home in England and Wales is now £4303, down 4% compared to one year ago. For the Woolwich news release: http://www.woolwich.co.uk/default.asp?Content=/content/crp/hotnews/svcom2002/svcom04f.htm
590 _aWB
650 _aWOOLWICH BUILDING SOCIETY
650 _aPROPERTY PRICES
650 _aLONDON
650 _aMOVING HOUSE
650 _aHOUSE PRICES
690 _aPROPERTY-RESIDENTIAL PROPERTY-RESIDENTIAL PROPERTY MARKET
942 _n0
999 _c69862
_d69862